| 000 | 00764cam a2200253 a 4500 | ||
|---|---|---|---|
| 008 | |||
| 020 | _a9780582369849 (pbk.) | ||
| 090 |
_aGB665 _bNIG |
||
| 100 | 1 | _aArnell, Nigel | |
| 245 | 1 | 0 |
_aHydrology and global environmental change / _cNigel Arnell |
| 260 |
_aEngland : _bPrentice Hall, _c2002 |
||
| 300 |
_axviii. 346 p.: _bill. (some col.) : maps.: _c24 cm |
||
| 504 | _aIncludes bibliographical references. | ||
| 500 | _aincludes index. | ||
| 650 | 0 |
_aHydrology _xEnvironmental aspects |
|
| 650 | 0 | _aHydrology | |
| 650 | 0 | _aGlobal environmental change | |
| 907 |
_a.b10383219 _b22-09-17 _c21-09-17 |
||
| 003 | |||
| 005 | 20230123122258.0 | ||
| 040 | _cNUST | ||
| 049 | _aMAIN | ||
| 942 |
_cBOOKS _kGB665 _mNIG |
||
| 999 |
_c130885 _d130885 |
||